| 000 | 00970nam a2200265Ia 4500 | ||
|---|---|---|---|
| 003 | OSt | ||
| 005 | 20220918214237.0 | ||
| 006 | a|||||r|||| 00| 0 | ||
| 007 | ta | ||
| 008 | 220917b |||||||| |||| 00| 0 eng d | ||
| 024 | _a136,463 | ||
| 037 | _cTextual | ||
| 040 |
_aARTS _cARTS _beng |
||
| 041 |
_2eng _aeng |
||
| 082 | _aX9Bp6,N73, L3(906) | ||
| 100 |
_aChild Frank C Ed _9130391 |
||
| 245 | 0 |
_aSmall scale enterprise _b Proceedings of a conference organized by the Institute for Development studies University of Nairobi and his held at Masai Lodge Nairobi |
|
| 260 |
_aNairobi _bInstitute for development studies University of Nairobi _c1973 |
||
| 300 |
_aiii, 157p. _ccm. |
||
| 490 | _aOccasional paper Insitute of Development studies University of Nariboi; 6 | ||
| 650 | _aECONOMICS | ||
| 700 |
_a Kempe Mary E Ed. _9130392 |
||
| 942 |
_hX9Bp6,N73, L3(906) _cTEXL _2CC |
||
| 999 |
_c259553 _d259553 |
||